Fr. Conceicao Rodrigues College of Engineering

Computer Networks and Internals (Record no. 30925)

MARC details
000 -LEADER
fixed length control field 00281nam a2200133Ia 4500
082 ## - DEWEY DECIMAL CLASSIFICATION NUMBER
Classification number 4.65
Item number COM
100 ## - MAIN ENTRY--PERSONAL NAME
Personal name Comer/ D E
245 ## - TITLE STATEMENT
Title Computer Networks and Internals
260 ## - PUBLICATION, DISTRIBUTION, ETC.
Name of publisher, distributor, etc. prentice hall
Date of publication, distribution, etc. 2000
300 ## - PHYSICAL DESCRIPTION
Extent 583
546 ## - LANGUAGE NOTE
Language note ENGLISH
654 ## - SUBJECT ADDED ENTRY--FACETED TOPICAL TERMS
Focus term computer
942 ## - ADDED ENTRY ELEMENTS (KOHA)
Koha item type BOOK
Holdings
Withdrawn status Lost status Damaged status Not for loan Collection Home library Current library Date acquired Total Checkouts Full call number Barcode Date last seen Price effective from Koha item type
        CRC Fr. Agnel's C.Rodrigues College of Engineering Fr. Agnel's C.Rodrigues College of Engineering 17/03/2023   4.65 COM 11373 17/03/2023 17/03/2023 BOOK